Applied numerical analysis /
Guardado en:
| Autor Principal: | |
|---|---|
| Otros Autores: | |
| Formato: | Libro |
| Idioma: | English |
| Publicado: |
Reading, Mass. :
Addison-Wesley,
c1989.
|
| Edición: | 4th ed. |
| Materias: | |
| Etiquetas: |
Agregar Etiqueta
Sin Etiquetas, Sea el primero en etiquetar este registro!
|
| LEADER | 00843pam a2200253 a 4500 | ||
|---|---|---|---|
| 001 | MAT.inmabb003341 | ||
| 008 | 880624s1989####maua#####b####001#0#eng## | ||
| 005 | 20130325230011.0 | ||
| 245 | 1 | 0 | |a Applied numerical analysis / |c Curtis F. Gerald, Patrick O. Wheatley. |
| 250 | |a 4th ed. | ||
| 260 | |a Reading, Mass. : |b Addison-Wesley, |c c1989. | ||
| 300 | |a xi, 679, 36, 7 p. : |b il. (algunas col.) ; |c 25 cm. | ||
| 500 | |a "Reprinted with corrections, 1992". | ||
| 504 | |a Bibliografía: p. 22-24 (2º grupo). | ||
| 500 | |a Incluye programas en lenguaje FORTRAN. | ||
| 510 | 4 | |a MR, |c 90k:65002 | |
| 020 | |a 0201115832 | ||
| 100 | 1 | |a Gerald, Curtis F., |d 1915- | |
| 700 | 1 | |a Wheatley, Patrick O. | |
| 650 | 0 | |a Numerical analysis. | |
| 084 | |a 65-01 |2 msc2000 | ||
| 010 | |a 88022169 | ||
| 040 | |a DLC |c DLC |d DLC | ||
| 859 | |h 65 |i G354 |p A-6700 |b BIB. MATEMATICA | ||
